Papers on evolution

Uloženo v:
Podrobná bibliografie
Hlavní autoři: Ehrlich, Paul R (Autor), Holm, Richard W (Autor), Raven, Peter H (Autor)
Médium: Kniha
Jazyk:angličtina
Vydáno: Boston Little Brown 1969
Témata:
Tagy: Přidat tag
Žádné tagy, Buďte první, kdo vytvoří štítek k tomuto záznamu!

MARC

LEADER 00000nam a2200000 a 4500
001 UCX7232
003 CL-VaPUC
008 931202e19690000US |||||||||||||||||eng|d
082 0 4 |a 575  |b EHR  |2 21 
100 0 |a Ehrlich, Paul R  |e author  |9 324038 
700 0 |a Holm, Richard W  |e author  |9 324039 
700 0 |a Raven, Peter H  |e author  |9 324040 
245 1 0 |a Papers on evolution 
246 1 0 |a Evolution 
300 |a 564 p 
942 |c BK 
945 |d 19931202 00:00:00  |a mfernand 
260 |a Boston  |b Little Brown  |c 1969 
650 0 |a Evolución  |9 259442 
583 |a last modification  |c 19931202 00:00:00  |k Rodrigo Vera 
999 |c 227106  |d 227104 
952 |0 0  |1 0  |4 0  |6 575_000000000000000_EHR_1969  |7 0  |8 A  |9 225898  |a BIBHIS  |b BIBHIS  |d 2019-11-15  |i 2949806  |o 575 EHR 1969  |p 2949806  |r 2025-01-20  |w 2019-11-15  |y BK  |k HIS